Who ruled Rome? - Statistics

General Stats
  • This quiz has been taken 15 times
  • The average score is 7 of 9
Answer Stats
Years Answer % Correct
753 BC-476 AD Roman Empire
100%
555-755 Byzantine Empire
93%
756-1870 Papal States
87%
1946- Italian Republic
80%
1870-1943 Kingdom of Italy
80%
1945-1946 Kingdom of Italy
80%
1944-1945 The Allies (UK and the US)
67%
1943-1944 Nazi Germany (under Italian Social Republic)
47%
493-553 Ostrogoths
47%
No matching quizzes found
Score Distribution
Percent of People with Each Score
Percentile by Number Answered
Your Score History
You have not taken this quiz